000 01469nam a2200361 c 4500
003 BLK
005 20210702094927.0
008 180409b bul|||||r ||||||| ||bul||
010 _aKNG00117986000
020 _a954-321-108-6
_bиздат.: Изток-Запад - на том(кн. 2)
040 _aBLK
041 _aBUL
_cBUL
080 _aИстория на Рим (до 476 г. н. е.). Древен Рим
_b94(37)
_x(093)
_z94(37)(093)
100 1 _aТит Ливий
_eпърви автор
_988707
700 1 _aАтанасов, Владимир
_eпрев. от лат.
_9366818
139 _aЛивий, Тит
_bЛ 54
245 1 0 _aИсторията на Рим
_bОт основаването на Града : Кн. 1 -
_cТит Ливий; прев. от лат. Владимир Атанасов.
_nКн. 2
257 _aDRR
260 София
_c2004 -
300 _c20 см
380 _a9
500 _aОфс. изд.
650 4 _aДревен Рим - история
_9249436
653 _aРим
653 _aДревен Рим
653 _aистория
760 1 _3- на том(кн. 2)
_aЛивий, Тит
_dИзток-Запад, 2005
_h205 с. : с ил.
_nСъдържа и Азбучен показалец-коментар на имената и религиите
_tКн. 2
852 _aЦб 219714
856 4 _qpdf
_u
856 4 _qpdf
_u
942 _cKNG
_n0
_03
944 _aCR
_c18.05.2006
_kВаля_Йорданова
944 _aED
_c20.09.2006
_k
999 _c112611
_d112611